| 000 | 00452 a2200157 4500 | ||
|---|---|---|---|
| 020 | _a0-582-49486-9 | ||
| 082 |
_a624.183 ORT _bL-24-P-19 |
||
| 090 |
_c3043 _d3043 |
||
| 100 |
_aORTON, ANDREW _943129 |
||
| 245 | _aSTRUCTURAL DESIGN OF MASONRY | ||
| 260 |
_aNEW YARK _bLOGSMAN PUBLISHERS _c1986 |
||
| 300 |
_aIX, 148P. _c28CM |
||
| 500 | _aSTRUCTURAL DESIGN | ||
| 526 |
_a0 _b0 _c0 _d624_183000000000000_ORT_L24P19 |
||
| 942 |
_2ddc _aMCE _cBOOK _k624.183 ORT |
||
| 999 |
_c546930 _d546930 |
||